00702nam a22001937a 450000100060000000300080000600500170001400800410003103500190007204000270009104100080011808200200012610000310014624502090017726000410038630000210042765300140044874000460046231776BD-RjUL20211209051739.0140422s1954 enk 000 0 eng  a(BD-RjUL)31864 aDLCcDLCbengdBD-RjUL aeng04a294.3bARL 19541 aArnold, Edwin,d1832-1904.14aThe light of Asia, or, The great renunciation (Mahābhinishkramana) :bbeing the life and teaching of Gautama, prince of India and founder of Buddism as told by an Indian Buddhist /cby Sir Edwin Arnold. aLondon:bRoutledge & K. Paul,c1954. a157 p. ;c15 cm.0 aBuddhism.0 aGreat renunciation (Mahābhinishkramana)